1534 1485 1568 1736 1375 1934 1421 1533 1854 1240 1817 1536 1759 1133 1344 1835 1442 1654 1646 1358 1608 1041 1868 1639 1869 1473 1139 1891 1809 1943 1081 1031 1097 1533 1074 1764 1183 1712 1381 1773 1229 1934 1253 1266 1847 1215 1986 1451 1933 1826 1877 1691 1394 1111 1753 1024 1129 1350 1781 1445 1824 1556 1909 1892 1992 1849 1306 1928 1942 1476 1923 1676 1458 1434 1642 1868 1541 1274 1430 1290 1883 1289 1679 1889 1256 1315 1865 1230 1017 1562 1544 1124 1853 1534 1564 1705 1964 1635 1211 BCNSPRNW ULIB Ver.6.0+V

เปลี่ยนเป็นภาษาไทย

Change to English
 แสดงรายละเอียดบรรณานุกรม
  กลับหน้าหลัก

Brief Record : Get Marc (ISO 2709) : E-mail record : QR code < ปิดหน้าต่าง
LEADER : 00000nam 2200000uu 4500
001    13399108235
003     ULIB
008    110223s2551||||th 000 0 tha d
060 04 WH100^bล973 2551
245 00 โลหิตวิทยาในเวชปฏิบัติ /^cบรรณาธิการ, อุดมศักดิ์บุญวรเศรษฐ์
250    พิมพ์ครั้งที่ 1
260    กรุงเทพฯ :^bสาขาวิชาโลหิตวิทยา ภาควิชาอายุรศาสตร์คณะแพทยศาสตร์ จุฬาลงกรณ์มหาวิทยาลัย,^c2551
300    355 หน้า :^bภาพประกอบ ;^c26 ซม.
650  7 เลือด, โรค
650  7 โลหิตวิทยา
700 0  อุดมศักดิ์ บุญวรเศรษฐ์,^eบรรณาธิการ
710 2  จุฬาลงกรณ์มหาวิทยาลัย. ^bคณะแพทยศาสตร์.^bภาควิชาอายุรศาสตร์. ^bสาขาวิชาโลหิตวิทยา
945    ^p300^l0^i029677
945    ^p300^l0^i029676
945    ^p300^l0^i029675
945    ^p300^l0^i029673
945    ^p300^l0^i029671
945    ^p300^l0^i029670
945    ^p300^l0^i029669
945    ^p300^l0^i029668
945    ^p300^l0^i029674
945    ^p300^l0^i029672
995    เกษร
999 ^a ใช้งานได้ทุกระบบ
รายการนี้ยังไม่มีแท็ก
คุณยังไม่ได้ล็อกอิน คุณสามารถมีกิจกรรมร่วมกับเว็บไซต์ได้ แต่ต้องล็อกอินก่อน ::
  ล็อกอิน

รายการสื่อสารสนเทศ

ลำดับที่ ประเภท เลขเรียก/บาร์โค้ด สถานที่ สถานะ
- ไม่พบข้อมูล -

รายการใกล้เคียง
    หัวเรื่อง [เลือด, โรค]
    หัวเรื่อง [โลหิตวิทยา]

BibComment


ยังไม่เคยถูกคอมเมนท์

คอมเมนท์ทรัพยากรรายการนี้
  คอมเมนท์: โลหิตวิทยาในเวชปฏ..


 Copyright 2026. Bcnsprnw @Library